[Event "XI C.to Italiano U20"]
[Site "Bratto - Castione della Presolana ITA"]
[Date "2003.08.25"]
[Round "5"]
[White "Navarro, Stefano"]
[Black "Di Caro, Calogero"]
[Result "1/2-1/2"]
[WhiteElo "2125"]
[BlackElo "2221"]
[PlyCount "161"]
[EventDate "2003.08.21"]

1. e4 e6 2. d4 d5 3. Nc3 Nf6 4. Bg5 Be7 5. e5 Nfd7 6. Bxe7 Qxe7 7. Nf3 O-O 8.
Qd2 c5 9. Nb5 Nc6 10. c3 f6 11. exf6 Nxf6 12. Bd3 e5 13. dxe5 Nxe5 14. Nxe5
Qxe5+ 15. Qe2 Qg5 16. O-O Nh5 17. g3 Nf4 18. Qc2 Nh3+ 19. Kg2 Bg4 20. f3 Bxf3+
21. Rxf3 Rxf3 22. Kxf3 Rf8+ 23. Kg2 Rf2+ 24. Qxf2 Nxf2 25. Kxf2 a6 26. Na7 Qd2+
27. Be2 Qxb2 28. Rd1 Qb6 29. Nc8 Qe6 30. Na7 Qe5 31. Bf3 d4 32. cxd4 cxd4 33.
Rb1 d3 34. Rxb7 Qd4+ 35. Kg2 d2 36. Nc6 d1=Q 37. Nxd4 Qxd4 38. Re7 a5 39. Re2
a4 40. h3 g6 41. Re4 Qb2+ 42. Re2 Qc3 43. Be4 Kg7 44. Bf3 Kf6 45. Bd5 Qd4 46.
Bf3 Qc4 47. Kf2 Kf5 48. Bg4+ Kg5 49. Bf3 Kf6 50. Kg2 Qd3 51. Kf2 Kg5 52. Re5+
Kf6 53. Re2 Qd4+ 54. Kg2 Kf5 55. Bg4+ Kg5 56. Bf3 a3 57. Re4 Qc3 58. Re2 Qa1
59. Bd5 Kh6 60. Be4 Qd4 61. Bf3 Kg7 62. Re4 Qd3 63. Re2 Kf6 64. Kf2 Kf5 65.
Bg4+ Kg5 66. Bf3 h5 67. h4+ Kf6 68. Kg2 Qc3 69. Re4 Kf5 70. Re2 Qc4 71. Kg1 g5
72. hxg5 Kxg5 73. Kg2 Qc1 74. Re5+ Kf6 75. Re2 Qg5 76. Kh3 Qf5+ 77. Kg2 Kg5 78.
Rd2 Qb1 79. Rd5+ Kf6 80. Rd2 Qa1 81. Bxh5 1/2-1/2

[Event "XI C.to Italiano U20"]
[Site "Bratto - Castione della Presolana ITA"]
[Date "2003.08.25"]
[Round "5"]
[White "Oblak, Mitja"]
[Black "Fratino, Lorenzo"]
[Result "0-1"]
[WhiteElo "1500"]
[BlackElo "1548"]
[PlyCount "108"]
[EventDate "2003.08.21"]

1. e4 e5 2. Nf3 Nf6 3. Nc3 Bb4 4. d3 O-O 5. Bd2 Nc6 6. g3 d5 7. exd5 Nxd5 8.
Nxd5 Qxd5 9. Bg2 Bg4 10. Bxb4 Nxb4 11. O-O Nxc2 12. Qxc2 Bxf3 13. Bxf3 Qxf3 14.
Qxc7 Rac8 15. Qxe5 Qxd3 16. Rfe1 Rc2 17. Rad1 Qf3 18. Rf1 Rxf2 19. Rxf2 Qxd1+
20. Kg2 Rd8 21. Qe7 Qd5+ 22. Kg1 Qd1+ 23. Kg2 Qd7 24. Re2 h6 25. Qxd7 Rxd7 26.
Kf3 f6 27. Kf4 Kf7 28. Rc2 g5+ 29. Kf5 Rd5+ 30. Ke4 Re5+ 31. Kf3 f5 32. Rc7+
Re7 33. Rc5 Kg6 34. Rb5 h5 35. h4 g4+ 36. Kg2 Rf7 37. a3 f4 38. gxf4 Rxf4 39.
Kg3 Rf3+ 40. Kg2 b6 41. Rd5 a6 42. Rg5+ Kh6 43. Rd5 Rb3 44. Rd6+ Kg7 45. Rd7+
Kf6 46. Rd5 Rxb2+ 47. Kg1 Rb5 48. Rd6+ Ke5 49. Rh6 Kf4 50. Kg2 Rb2+ 51. Kf1 Kf3
52. Ke1 Rb5 53. Rf6+ Kg3 54. Rd6 Rb3 0-1

[Event "XI C.to Italiano U20"]
[Site "Bratto - Castione della Presolana ITA"]
[Date "2003.08.25"]
[Round "5"]
[White "Orani, Luigi Giuseppe"]
[Black "Valsecchi, Alessio"]
[Result "0-1"]
[WhiteElo "1500"]
[BlackElo "1600"]
[PlyCount "70"]
[EventDate "2003.08.21"]

1. e4 c5 2. Nf3 d6 3. Bc4 Nf6 4. d3 g6 5. h3 Bg7 6. O-O O-O 7. Be3 Qb6 8. b4
Nxe4 9. c3 Nxc3 10. Nxc3 Bxc3 11. Bh6 Bg7 12. Bxg7 Kxg7 13. bxc5 Qxc5 14. Re1
Nc6 15. Nd2 Bd7 16. Ne4 Qe5 17. Qb1 d5 18. Bxd5 Qxd5 19. Qxb7 Rab8 20. Qa6 Rb6
21. Qc4 Qxc4 22. dxc4 Bf5 23. g4 Bxe4 24. Rxe4 Rb4 25. Rc1 e6 26. f4 Na5 27. a3
Ra4 28. Rc3 Rc8 29. Rf3 Rcxc4 30. Rxc4 Nxc4 31. Kg2 Rxa3 32. Rxa3 Nxa3 33. Kf3
Nb1 34. Ke3 Nc3 35. Kd3 Nd5 0-1

[Event "XI C.to Italiano U20"]
[Site "Bratto - Castione della Presolana ITA"]
[Date "2003.08.25"]
[Round "5"]
[White "Pagan, Andrea"]
[Black "Lorusso, Giuseppe"]
[Result "0-1"]
[WhiteElo "1603"]
[BlackElo "1801"]
[PlyCount "214"]
[EventDate "2003.08.21"]

1. d4 Nf6 2. c4 c5 3. d5 b5 4. cxb5 a6 5. Nc3 d6 6. e4 g6 7. bxa6 Bxa6 8. Bxa6
Rxa6 9. Nf3 Nbd7 10. O-O Qa8 11. Bf4 Nh5 12. Bd2 Bg7 13. Ne1 O-O 14. a3 Rb8 15.
Nd3 Ne5 16. Nxe5 Bxe5 17. Qc2 Nf6 18. Rfe1 Nd7 19. Nd1 Qb7 20. Bc3 Qb3 21. Qxb3
Rxb3 22. Bxe5 Nxe5 23. Re3 Rb7 24. Rc3 Nd7 25. Rb1 Rab6 26. f3 Rb5 27. Rc2 Ra7
28. Ra1 Nb6 29. Kf2 Na8 30. Ne3 Nb6 31. Ra2 Ra4 32. Ke2 Kf8 33. Kd2 Rd4+ 34.
Kc1 Ke8 35. Rd2 Ra4 36. Rd3 Rba5 37. Rb3 Nd7 38. Kc2 Kd8 39. Ra1 Kc7 40. Rc1
Nb6 41. Kb1 Rd4 42. Rxb6 Kxb6 43. Nc4+ Rxc4 44. Rxc4 Kb5 45. Rc3 Kb6 46. Rb3+
Kc7 47. Kc2 Ra4 48. Rc3 Kd7 49. Rd3 Rc4+ 50. Kb3 Rc1 51. Rc3 Rd1 52. Kc2 Rg1
53. g4 Rg2+ 54. Kd3 Rxb2 55. Rc2 Rxc2 56. Kxc2 e6 57. Kc3 exd5 58. exd5 Kc7 59.
Kb3 Kb6 60. Ka4 f5 61. gxf5 gxf5 62. f4 Ka6 63. h3 Kb6 64. h4 h5 65. Kb3 Kb5
66. a4+ Ka5 67. Ka3 c4 68. Kb2 Kxa4 69. Kc3 Kb5 70. Kb2 Kc5 71. Kc2 Kxd5 72.
Kc3 Kc5 73. Kc2 d5 74. Kc3 d4+ 75. Kd2 Kd5 76. Ke2 Ke4 77. Kf2 Kxf4 78. Ke2 Kg4
79. Kf2 f4 80. Ke2 f3+ 81. Kf2 Kf4 82. Kg1 Kg3 83. Kh1 Kxh4 84. Kg1 Kg3 85. Kh1
h4 86. Kg1 h3 87. Kh1 d3 88. Kg1 c3 89. Kf1 d2 90. Kg1 c2 91. Kf1 c1=N 92. Kg1
d1=B 93. Kh1 Bc2 94. Kg1 Bf5 95. Kh1 Kf2 96. Kh2 Ke2 97. Kg1 f2+ 98. Kh1 f1=N
99. Kg1 h2+ 100. Kh1 Nd3 101. Kg2 Be4+ 102. Kh3 h1=R+ 103. Kg4 Rh6 104. Kg5
Rg6+ 105. Kh4 Ne3 106. Kh5 Nf4+ 107. Kh4 Neg2# 0-1

[Event "XI C.to Italiano U20"]
[Site "Bratto - Castione della Presolana ITA"]
[Date "2003.08.25"]
[Round "5"]
[White "Parpinel, Marco"]
[Black "Stromboli, Carlo"]
[Result "0-1"]
[WhiteElo "1606"]
[BlackElo "1744"]
[PlyCount "112"]
[EventDate "2003.08.21"]

1. e4 e5 2. f4 exf4 3. Nf3 Nf6 4. e5 Nd5 5. Bc4 Nb6 6. Bb3 c5 7. d3 d5 8. exd6
Bxd6 9. Qe2+ Qe7 10. Qxe7+ Bxe7 11. Bxf4 Nc6 12. O-O O-O 13. Nc3 Bg4 14. Ne5
Nxe5 15. Bxe5 Rad8 16. Rae1 c4 17. dxc4 Bc5+ 18. Kh1 Be6 19. Ne4 Be7 20. c5 Nc4
21. Bd6 Bxd6 22. cxd6 Nxd6 23. Nxd6 Rxd6 24. Bxe6 fxe6 25. Rxf8+ Kxf8 26. Kg1
Rd2 27. Rf1+ Ke7 28. Rf2 Rd5 29. Re2 a5 30. Kf2 b5 31. Ke1 Kd6 32. Rd2 Ke5 33.
Rxd5+ exd5 34. Ke2 Ke4 35. Kd2 b4 36. Ke2 a4 37. Kd2 h6 38. h3 g5 39. g4 Kd4
40. a3 bxa3 41. bxa3 Kc4 42. Kd1 Kc3 43. Kc1 d4 44. Kb1 d3 45. cxd3 Kxd3 46.
Kb2 Kd2 47. h4 gxh4 48. g5 hxg5 49. Kb1 h3 50. Kb2 h2 51. Kb1 h1=R+ 52. Kb2 Rg1
53. Ka2 Ra1+ 54. Kxa1 Kc2 55. Ka2 g4 56. Ka1 g3 0-1

[Event "XI C.to Italiano U20"]
[Site "Bratto - Castione della Presolana ITA"]
[Date "2003.08.25"]
[Round "5"]
[White "Piscopo, Pierluigi"]
[Black "Ronchetti, Niccolo'"]
[Result "1/2-1/2"]
[WhiteElo "2319"]
[BlackElo "2217"]
[PlyCount "41"]
[EventDate "2003.08.21"]

1. e4 c5 2. Nf3 Nc6 3. Nc3 Nf6 4. Bb5 e5 5. d3 d6 6. h3 Be7 7. O-O O-O 8. Nh2
Be6 9. f4 exf4 10. Bxf4 d5 11. e5 Nd7 12. Bxc6 bxc6 13. Nf3 f6 14. exf6 Bxf6
15. Qd2 h6 16. Rae1 Bf7 17. Na4 Re8 18. b3 c4 19. Rxe8+ Qxe8 20. Re1 Qc8 21. d4
1/2-1/2

[Event "XI C.to Italiano U20"]
[Site "Bratto - Castione della Presolana ITA"]
[Date "2003.08.25"]
[Round "5"]
[White "Pulito, Alberto"]
[Black "Lampl, Gerald"]
[Result "1-0"]
[WhiteElo "2058"]
[BlackElo "1600"]
[PlyCount "43"]
[EventDate "2003.08.21"]

1. e4 d5 2. exd5 Nf6 3. Bb5+ Bd7 4. Bc4 b5 5. Bb3 a5 6. a4 bxa4 7. Bc4 Bg4 8.
f3 Bc8 9. Nc3 Bb7 10. Nge2 Bxd5 11. Bxd5 Nxd5 12. Nxd5 Qxd5 13. O-O e6 14. d4
c5 15. c4 Qxc4 16. Rxa4 Qb5 17. Nc3 Qb6 18. d5 Be7 19. Rg4 O-O 20. Bh6 Bf6 21.
Ne4 Bd4+ 22. Qxd4 1-0

[Event "XI C.to Italiano U20"]
[Site "Bratto - Castione della Presolana ITA"]
[Date "2003.08.25"]
[Round "5"]
[White "Reginato, Mauro"]
[Black "Visentin, Lorenzo"]
[Result "1-0"]
[WhiteElo "1453"]
[BlackElo "1600"]
[PlyCount "97"]
[EventDate "2003.08.21"]

1. e4 c5 2. Nf3 d6 3. d4 cxd4 4. Nxd4 Nf6 5. Nc3 a6 6. Bd3 e6 7. O-O Be7 8. Kh1
Nbd7 9. f4 e5 10. fxe5 dxe5 11. Nf5 Rg8 12. Bg5 Nc5 13. Nxe7 Qxe7 14. Nd5 Qd8
15. Bxf6 gxf6 16. Nxf6+ Kf8 17. Nxg8 Kxg8 18. Qh5 Be6 19. Qxe5 Nd7 20. Qg3+ Kh8
21. e5 Rc8 22. Rad1 Qe7 23. Bf5 Bxf5 24. Rxf5 Rg8 25. Qc3 Rg7 26. Qc8+ Nf8 27.
e6 Kg8 28. Rd8 a5 29. Rxf8+ Qxf8 30. Qxf8+ Kxf8 31. Rxf7+ Rxf7 32. exf7 Kxf7
33. g4 Kf6 34. Kg2 h6 35. h4 Kg6 36. a3 b5 37. b3 Kf6 38. Kf3 Ke5 39. c4 bxc4
40. bxc4 a4 41. Ke3 Ke6 42. Kd4 Ke7 43. Kd5 Kd7 44. Kc5 Kd8 45. Kd6 Kc8 46. g5
hxg5 47. hxg5 Kd8 48. Kc6 Kc8 49. c5 1-0

[Event "XI C.to Italiano U20"]
[Site "Bratto - Castione della Presolana ITA"]
[Date "2003.08.25"]
[Round "5"]
[White "Rombaldoni, Denis"]
[Black "Braschi, Giancarlo"]
[Result "0-1"]
[WhiteElo "2064"]
[BlackElo "2138"]
[PlyCount "76"]
[EventDate "2003.08.21"]

1. d4 Nf6 2. c4 e6 3. Nf3 c5 4. d5 b5 5. Bg5 Qa5+ 6. Qd2 Qxd2+ 7. Nfxd2 bxc4 8.
e4 Be7 9. Bxf6 Bxf6 10. Nc3 O-O 11. Bxc4 Na6 12. f4 d6 13. dxe6 fxe6 14. f5 Nc7
15. O-O-O Rb8 16. Nf3 d5 17. exd5 Bxc3 18. fxe6 Bxb2+ 19. Kc2 Kh8 20. Rb1 Rb4
21. Bd3 Bf6 22. Rxb4 cxb4 23. g4 Nxe6 24. dxe6 Bxe6 25. Rf1 Bxa2 26. Nd2 Rc8+
27. Kd1 Be6 28. Ne4 Bxg4+ 29. Kd2 Bc3+ 30. Ke3 Be6 31. Nd6 Rb8 32. Bb5 g6 33.
Bc6 Kg7 34. Ne8+ Kg8 35. Nc7 Bc4 36. Rf4 Bf7 37. Nb5 Bg7 38. Nd4 Bh6 0-1

[Event "XI C.to Italiano U20"]
[Site "Bratto - Castione della Presolana ITA"]
[Date "2003.08.25"]
[Round "5"]
[White "Stromboli, Ettore"]
[Black "Lettieri, Giuseppe"]
[Result "1/2-1/2"]
[WhiteElo "2155"]
[BlackElo "1894"]
[PlyCount "75"]
[EventDate "2003.08.21"]

1. e4 c5 2. Nf3 Nc6 3. d4 cxd4 4. Nxd4 Nf6 5. Nc3 g6 6. Nxc6 bxc6 7. e5 Ng8 8.
Bc4 Bg7 9. Qf3 f5 10. Bf4 e6 11. O-O Nh6 12. Rad1 Qc7 13. Rfe1 Nf7 14. Qe3 O-O
15. Na4 Qa5 16. Nc5 g5 17. Bxg5 Nxg5 18. Nxd7 Bxd7 19. Rxd7 f4 20. Qc1 Qb4 21.
Rd4 Qc5 22. c3 Rad8 23. b4 Qe7 24. Rxf4 Nf7 25. Rg4 Kh8 26. Qe3 Nxe5 27. Rxg7
Qxg7 28. Qxe5 Rf6 29. Bf1 Rd2 30. Re2 Rd1 31. Re1 Rxe1 32. Qxe1 Qd7 33. Qe5 Kg7
34. Qg5+ Kf7 35. Qh5+ Kf8 36. Qe5 Kf7 37. Qh5+ Kg7 38. Qg5+ 1/2-1/2

[Event "XI C.to Italiano U20"]
[Site "Bratto - Castione della Presolana ITA"]
[Date "2003.08.25"]
[Round "5"]
[White "Tomba, Ivan"]
[Black "Bertagnolli, Alexander"]
[Result "1/2-1/2"]
[WhiteElo "2175"]
[BlackElo "2290"]
[PlyCount "125"]
[EventDate "2003.08.21"]

1. e4 c5 2. Nf3 d6 3. d4 cxd4 4. Nxd4 Nf6 5. Nc3 a6 6. Bc4 e6 7. Bb3 Be7 8. g4
h6 9. Be3 Nc6 10. Rg1 Qa5 11. Qd2 Nxd4 12. Qxd4 e5 13. Qd3 Bxg4 14. h3 Bh5 15.
Rxg7 Rc8 16. Bd2 Nh7 17. Be6 fxe6 18. Nd5 Qd8 19. Rxe7+ Qxe7 20. Nxe7 Kxe7 21.
Bxh6 Rcg8 22. Kd2 Nf6 23. Be3 Bf3 24. Bg5 Rxg5 25. Qxf3 Rh4 26. Re1 Rf4 27. Qd3
Rxf2+ 28. Re2 Rf4 29. Qc4 Kd7 30. Qa4+ Kc7 31. Qc4+ Kd7 32. Qb3 b5 33. Qb4 d5
34. h4 Nxe4+ 35. Qxe4 dxe4 36. hxg5 Rg4 37. Ke3 Ke8 38. Rf2 Ke7 39. g6 Rxg6 40.
Kxe4 Rg5 41. Rh2 Kf6 42. Rh6+ Ke7 43. Rh2 Rf5 44. Rh7+ Kd6 45. Ra7 Rf4+ 46. Ke3
Rh4 47. Rxa6+ Kd5 48. Rb6 Rh3+ 49. Ke2 Ke4 50. Rxb5 Rh2+ 51. Kd1 Kf4 52. Rb6 e4
53. Rxe6 Ke3 54. c4 Rxb2 55. c5 Rxa2 56. c6 Ra5 57. Rd6 Rc5 58. Rh6 Kf3 59.
Rf6+ Ke3 60. Rh6 Rd5+ 61. Ke1 Kd3 62. c7 Rc5 63. Rh7 1/2-1/2

[Event "XI C.to Italiano U20"]
[Site "Bratto - Castione della Presolana ITA"]
[Date "2003.08.25"]
[Round "5"]
[White "Trazzi, Enrico"]
[Black "Ferrarese, Giacomo"]
[Result "1/2-1/2"]
[WhiteElo "1600"]
[BlackElo "1507"]
[PlyCount "64"]
[EventDate "2003.08.21"]

1. d4 f5 2. Nf3 e6 3. c4 Nf6 4. Bg5 Be7 5. Nc3 c6 6. g3 d5 7. Bxf6 Bxf6 8. e3
Nd7 9. c5 O-O 10. Bg2 Be7 11. O-O Nf6 12. b4 Rb8 13. Qa4 a6 14. Qc2 Bd7 15. Na4
Be8 16. Nb6 Nd7 17. Nxd7 Bxd7 18. Rfb1 Kh8 19. a4 Ra8 20. Qc3 Bf6 21. Bf1 Qe8
22. Ne5 Bxe5 23. dxe5 g5 24. f4 gxf4 25. exf4 Rg8 26. Kg2 Rg4 27. Be2 Rg7 28.
Ra3 Qe7 29. b5 axb5 30. axb5 Rxa3 31. Qxa3 Be8 32. bxc6 Bxc6 1/2-1/2

[Event "XI C.to Italiano U20"]
[Site "Bratto - Castione della Presolana ITA"]
[Date "2003.08.26"]
[Round "6"]
[White "Akmedov, Alisher"]
[Black "Trazzi, Enrico"]
[Result "1/2-1/2"]
[WhiteElo "1434"]
[BlackElo "1600"]
[PlyCount "96"]
[EventDate "2003.08.21"]

1. e4 g6 2. d4 Bg7 3. Nc3 c6 4. Nf3 d5 5. h3 e6 6. Be3 Ne7 7. Bd3 Nd7 8. Qd2 h5
9. O-O O-O 10. Bh6 dxe4 11. Bxg7 Kxg7 12. Nxe4 Nd5 13. c4 N5f6 14. Nfg5 Nxe4
15. Nxe4 Nf6 16. Qc3 b6 17. b4 Bb7 18. Rac1 Rc8 19. Nxf6 Qxf6 20. Rfd1 Kg8 21.
Be4 Rfd8 22. Rd3 Qf4 23. Re1 Qc7 24. Rg3 Kh7 25. Rg5 f5 26. Bc2 Qf4 27. Qg3
Qxg3 28. Rxg3 Rxd4 29. Rxe6 Rg8 30. Re7+ Rg7 31. Rxg7+ Kxg7 32. Bxf5 Kf6 33.
Bxg6 h4 34. Rd3 Rxc4 35. Be8 Ke7 36. Rd7+ Kxe8 37. Rxb7 Rxb4 38. Rxa7 Rb1+ 39.
Kh2 Rb2 40. f4 c5 41. Ra4 b5 42. Re4+ Kf7 43. a4 Rb4 44. Re5 Rxa4 45. Rxc5 Rxf4
46. Rxb5 Kg6 47. Rb3 Kh5 48. Rf3 Rb4 1/2-1/2

[Event "XI C.to Italiano U20"]
[Site "Bratto - Castione della Presolana ITA"]
[Date "2003.08.26"]
[Round "6"]
[White "Bdair, Bilal"]
[Black "Mogranzini, Roberto"]
[Result "0-1"]
[WhiteElo "1702"]
[BlackElo "2172"]
[PlyCount "60"]
[EventDate "2003.08.21"]

1. d4 Nf6 2. c4 g6 3. Nc3 d5 4. Bf4 Bg7 5. e3 O-O 6. Rc1 c5 7. dxc5 Be6 8. Nf3
Nc6 9. Ng5 Qa5 10. Be2 Ne4 11. Ngxe4 dxe4 12. O-O f5 13. Qb3 Bc8 14. h3 Qxc5
15. Rfd1 e5 16. Bh2 Qe7 17. c5+ Kh8 18. Rd6 Qh4 19. Rcd1 f4 20. exf4 exf4 21.
Nxe4 Bf5 22. Bf3 Rae8 23. Rxc6 bxc6 24. Nd6 Be6 25. Qb7 Rb8 26. Qxc6 Rxb2 27.
Ne4 Bf5 28. Rf1 Qe7 29. Nd6 Bd3 30. Rd1 Rd2 0-1

[Event "XI C.to Italiano U20"]
[Site "Bratto - Castione della Presolana ITA"]
[Date "2003.08.26"]
[Round "6"]
[White "Bertagnolli, Alexander"]
[Black "Buchicchio, Giampaolo"]
[Result "1/2-1/2"]
[WhiteElo "2290"]
[BlackElo "2253"]
[PlyCount "64"]
[EventDate "2003.08.21"]

1. d4 d5 2. Nf3 Nf6 3. c4 c6 4. Nc3 a6 5. c5 Bf5 6. Qb3 Ra7 7. h3 h6 8. Bf4
Nbd7 9. e3 g5 10. Be5 Bg7 11. g4 Bh7 12. h4 Nxe5 13. Nxe5 Nd7 14. Nxd7 Qxd7 15.
hxg5 hxg5 16. Na4 e5 17. Be2 exd4 18. exd4 Bxd4 19. Rd1 Be4 20. Rxh8+ Bxh8 21.
Qg3 Qd8 22. Nb6 Kf8 23. Bf3 Bxf3 24. Qxf3 Kg8 25. Kf1 Bxb2 26. Qf5 Qf6 27. Qc8+
Kg7 28. Qb8 Qf3 29. Rd2 Bc3 30. Nd7 Bxd2 31. Qe5+ Kh7 32. Qh2+ Kg7 1/2-1/2

[Event "XI C.to Italiano U20"]
[Site "Bratto - Castione della Presolana ITA"]
[Date "2003.08.26"]
[Round "6"]
[White "Bonafede, Alessandro"]
[Black "Sautto, Daniele"]
[Result "1/2-1/2"]
[WhiteElo "2098"]
[BlackElo "2130"]
[PlyCount "64"]
[EventDate "2003.08.21"]

1. e4 c5 2. Nf3 e6 3. d3 Nc6 4. g3 d6 5. Bg2 Nf6 6. O-O Be7 7. Re1 O-O 8. c3
Bd7 9. d4 d5 10. e5 Ne4 11. a3 Na5 12. Nbd2 Nxd2 13. Nxd2 cxd4 14. cxd4 Qb6 15.
Qg4 Rfc8 16. Nf3 Bf8 17. b4 Nb3 18. Rb1 Nxc1 19. Rexc1 Rxc1+ 20. Rxc1 a5 21.
Bf1 axb4 22. Bd3 h6 23. axb4 Ra3 24. Bb1 Rb3 25. Qh5 Qxb4 26. Bh7+ Kxh7 27.
Ng5+ Kg8 28. Qxf7+ Kh8 29. Qxd7 hxg5 30. Qxe6 Rb1 31. Qh3+ Kg8 32. Qe6+ Kh8
1/2-1/2

[Event "XI C.to Italiano U20"]
[Site "Bratto - Castione della Presolana ITA"]
[Date "2003.08.26"]
[Round "6"]
[White "Bonarrigo, Marco"]
[Black "Longo, Luigi"]
[Result "1/2-1/2"]
[WhiteElo "1765"]
[BlackElo "1693"]
[PlyCount "88"]
[EventDate "2003.08.21"]

1. e4 e6 2. d4 d5 3. e5 c5 4. c3 Nc6 5. Nf3 Qb6 6. a3 Bd7 7. b4 cxd4 8. cxd4
Rc8 9. Bb2 Na5 10. Nbd2 Nc4 11. Nxc4 dxc4 12. Rc1 a5 13. Rxc4 Rxc4 14. Bxc4
Bxb4+ 15. Nd2 Bxd2+ 16. Qxd2 Qc6 17. Bf1 b6 18. f3 Ne7 19. Bd3 O-O 20. O-O Qb7
21. Qg5 Ng6 22. h4 f6 23. Qg3 f5 24. Qg5 Bc6 25. h5 Ne7 26. Kh2 Nd5 27. Rg1 Qe7
28. Qxe7 Nxe7 29. Rf1 Nd5 30. g4 fxg4 31. fxg4 Rxf1 32. Bxf1 Ne3 33. Be2 h6 34.
Kg3 Kf8 35. Kh4 b5 36. Bc3 Nc2 37. Bxa5 Nxd4 38. Bd1 Bf3 39. Bb6 Bxd1 40. Bxd4
Ke7 41. Bc5+ Ke8 42. g5 hxg5+ 43. Kxg5 Bc2 44. Bb4 Bd3 1/2-1/2

[Event "XI C.to Italiano U20"]
[Site "Bratto - Castione della Presolana ITA"]
[Date "2003.08.26"]
[Round "6"]
[White "Bove, Alessandro"]
[Black "Boscolo, Marco"]
[Result "1-0"]
[WhiteElo "2129"]
[BlackElo "1567"]
[PlyCount "91"]
[EventDate "2003.08.21"]

1. e4 e5 2. f4 Bc5 3. Nf3 d6 4. c3 Bg4 5. Bc4 Nc6 6. h3 Bxf3 7. Qxf3 Qf6 8. d3
Nge7 9. Nd2 Qxf4 10. Qxf4 exf4 11. d4 Bb6 12. Nf3 Ng6 13. Ng5 O-O 14. h4 h6 15.
h5 Nge7 16. Nh3 Rae8 17. Nxf4 Kh8 18. O-O Ne5 19. Bb3 Nd7 20. Bd2 Nc6 21. Rae1
Nf6 22. Bc2 Ne5 23. Kh2 Nc4 24. Bc1 c5 25. Bd3 Na5 26. d5 c4 27. Bc2 Bc7 28. b4
cxb3 29. axb3 b5 30. Kh3 Nb7 31. b4 a5 32. g4 Rb8 33. Ne2 Rfe8 34. Nd4 Nd8 35.
Bxh6 Nxh5 36. Bg5 Nf6 37. Bxf6 gxf6 38. Rxf6 Kg7 39. g5 Re5 40. Nf5+ Kh7 41.
Kg4 Kg8 42. Rh1 Rxf5 43. exf5 axb4 44. Rfh6 Kf8 45. f6 Ke8 46. Bf5 1-0

[Event "XI C.to Italiano U20"]
[Site "Bratto - Castione della Presolana ITA"]
[Date "2003.08.26"]
[Round "6"]
[White "Braschi, Giancarlo"]
[Black "Locatelli, Andrea"]
[Result "1-0"]
[WhiteElo "2138"]
[BlackElo "2011"]
[PlyCount "120"]
[EventDate "2003.08.21"]

1. d4 Nf6 2. c4 e6 3. Nc3 Bb4 4. e3 c5 5. Bd3 Nc6 6. Nf3 d6 7. O-O Bxc3 8. bxc3
e5 9. Qc2 Qe7 10. Ng5 h6 11. Ne4 O-O 12. Nxf6+ Qxf6 13. f4 exd4 14. exd4 Ne7
15. f5 Nc6 16. Bb2 Na5 17. Rae1 b6 18. d5 Bd7 19. Rf4 Rfe8 20. Ref1 Re7 21. Bc1
Rae8 22. Bd2 Bc8 23. h3 Bb7 24. Qc1 b5 25. Be1 Re3 26. Bh4 Qe5 27. f6 Rxd3 28.
fxg7 Rxc3 29. Qd1 f5 30. Rxf5 Qd4+ 31. Qxd4 cxd4 32. Rf8+ Kxg7 33. Rxe8 Re3 34.
Bf6+ Kf7 35. Bxd4+ Kxe8 36. Bxe3 Nxc4 37. Bxh6 a5 38. Rf8+ Kd7 39. Rf7+ Kc8 40.
Rf5 b4 41. Kf1 a4 42. Ke1 Nb6 43. Kd1 Nxd5 44. Kc1 Nc3 45. Rf2 Bd5 46. a3 b3
47. Bg7 Ne4 48. Rf8+ Kd7 49. h4 Ng3 50. Ba1 Ke7 51. Rf2 Ne4 52. Rf5 Bc6 53. Ra5
Bd7 54. h5 Kf8 55. Ra8+ Be8 56. h6 Ng5 57. Ra7 Bg6 58. Rxa4 Ne4 59. Ra7 Nc5 60.
h7 Nd3+ 1-0

[Event "XI C.to Italiano U20"]
[Site "Bratto - Castione della Presolana ITA"]
[Date "2003.08.26"]
[Round "6"]
[White "Buchicchio, Alessandro"]
[Black "Gatterer, Matthias"]
[Result "1/2-1/2"]
[WhiteElo "1785"]
[BlackElo "1684"]
[PlyCount "42"]
[EventDate "2003.08.21"]

1. d4 d5 2. c4 e6 3. Nf3 Nf6 4. g3 Be7 5. Bg2 O-O 6. O-O dxc4 7. Qc2 a6 8. a4
Bd7 9. Ne5 Bc6 10. Nxc6 Nxc6 11. Bxc6 bxc6 12. Qxc4 Qd5 13. Qd3 c5 14. Rd1 cxd4
15. Qxd4 Rfd8 16. Qxd5 Rxd5 17. Rxd5 Nxd5 18. Nd2 Rb8 19. b3 Bf6 20. Ra3 Be7
21. Ra1 Bf6 1/2-1/2

[Event "XI C.to Italiano U20"]
[Site "Bratto - Castione della Presolana ITA"]
[Date "2003.08.26"]
[Round "6"]
[White "Buono, Valerio"]
[Black "Berni, Giorgio"]
[Result "0-1"]
[WhiteElo "1705"]
[BlackElo "2219"]
[PlyCount "80"]
[EventDate "2003.08.21"]

1. e4 c5 2. Nf3 e6 3. d4 cxd4 4. Nxd4 Nf6 5. Nc3 d6 6. Be2 a6 7. Be3 Nbd7 8.
Nb3 b5 9. a3 Bb7 10. f3 Rc8 11. O-O Be7 12. Qe1 O-O 13. Rd1 Qc7 14. Qf2 d5 15.
exd5 Nxd5 16. Nxd5 Bxd5 17. Rc1 Bd6 18. g3 Ne5 19. Nd2 h5 20. Ne4 Be7 21. Nc3
Bb7 22. Nb1 Qc6 23. h3 Nc4 24. Bxc4 Qxc4 25. Nd2 Qd5 26. Nb3 g5 27. Rcd1 Qf5
28. Rd7 Rxc2 29. Nd2 Bf6 30. Rxb7 Rd8 31. Rd1 Qd5 32. Rb6 Bxb2 33. Re1 Bc3 34.
Re2 Bxd2 35. Bxd2 Rxd2 36. Rxa6 Rd3 37. f4 Rf3 38. Qg2 g4 39. Re5 Qd1+ 40. Kh2
Rd2 0-1

[Event "XI C.to Italiano U20"]
[Site "Bratto - Castione della Presolana ITA"]
[Date "2003.08.26"]
[Round "6"]
[White "D'Apa, Matteo"]
[Black "Vignoli, Matteo"]
[Result "1/2-1/2"]
[WhiteElo "1747"]
[BlackElo "1600"]
[PlyCount "120"]
[EventDate "2003.08.21"]

1. d4 Nf6 2. c4 g6 3. Nc3 Bg7 4. e4 d6 5. f3 O-O 6. Be3 e5 7. d5 c6 8. Qd2 cxd5
9. cxd5 a6 10. O-O-O b5 11. g4 Nbd7 12. h4 h5 13. gxh5 Nxh5 14. Nh3 Ndf6 15.
Bh6 Bxh3 16. Bxg7 Kxg7 17. Bxh3 Qa5 18. Kb1 Rab8 19. Rhg1 b4 20. Ne2 Qa4 21.
Nc1 Ne8 22. Bg4 Rh8 23. Nb3 Nef6 24. Rc1 Qb5 25. Rc6 Rbd8 26. Qe3 Nf4 27. Rb6
Qc4 28. Rc1 Qd3+ 29. Qxd3 Nxd3 30. Rcc6 Nxg4 31. fxg4 Rxh4 32. Rxa6 Rxg4 33.
Nd2 Nc5 34. Rxd6 Rxd6 35. Rxd6 Nxe4 36. Nxe4 Rxe4 37. Rb6 Rd4 38. Kc2 g5 39. a4
bxa3 40. bxa3 Rxd5 41. a4 g4 42. Rb5 Rxb5 43. axb5 g3 44. b6 g2 45. b7 g1=Q 46.
b8=Q Qd4 47. Qc8 Qf2+ 48. Kb3 Qf3+ 49. Kc2 e4 50. Qc5 Qd3+ 51. Kc1 f6 52. Qe7+
Kg6 53. Qe8+ Kg5 54. Qg8+ Kf4 55. Qb8+ Kf3 56. Qh8 f5 57. Qh3+ Kf4 58. Qh4+ Ke5
59. Qe7+ Kd4 60. Qd6+ Ke3 1/2-1/2

[Event "XI C.to Italiano U20"]
[Site "Bratto - Castione della Presolana ITA"]
[Date "2003.08.26"]
[Round "6"]
[White "Damia, Angelo"]
[Black "Cappai, Davide"]
[Result "1/2-1/2"]
[WhiteElo "2021"]
[BlackElo "2105"]
[PlyCount "54"]
[EventDate "2003.08.21"]

1. e4 c5 2. Nf3 Nc6 3. d4 cxd4 4. Nxd4 g6 5. Nc3 Bg7 6. Be3 Nf6 7. Bc4 O-O 8.
Bb3 Ng4 9. Nxc6 dxc6 10. Qxd8 Rxd8 11. Bf4 b6 12. f3 Ne5 13. Kf2 Ba6 14. Rad1
Nc4 15. Bxc4 Bxc4 16. e5 Kf8 17. b3 Be6 18. Ne4 Bf5 19. c4 Bxe4 20. fxe4 Ke8
21. Ke3 Rxd1 22. Rxd1 Rd8 23. Rxd8+ Kxd8 24. e6 fxe6 25. e5 g5 26. Bg3 Ke8 27.
Ke4 h5 1/2-1/2

[Event "XI C.to Italiano U20"]
[Site "Bratto - Castione della Presolana ITA"]
[Date "2003.08.26"]
[Round "6"]
[White "Di Caro, Calogero"]
[Black "Massironi, Marco"]
[Result "1-0"]
[WhiteElo "2221"]
[BlackElo "2082"]
[PlyCount "69"]
[EventDate "2003.08.21"]

1. Nf3 Nf6 2. c4 g6 3. Nc3 Bg7 4. e4 d6 5. d4 O-O 6. Be2 e5 7. O-O Nc6 8. d5
Ne7 9. b4 Ne8 10. c5 f5 11. Nd2 Nf6 12. f3 f4 13. Nc4 Ne8 14. a4 g5 15. Ba3 h5
16. b5 b6 17. cxd6 cxd6 18. Bb4 Ng6 19. a5 g4 20. fxg4 hxg4 21. Bxg4 Qg5 22.
Bf3 bxa5 23. Rxa5 Rf6 24. Nb6 Bh3 25. Kh1 Rb8 26. Rxa7 Bxg2+ 27. Bxg2 Rxb6 28.
Ra8 Rf8 29. Bf3 Nf6 30. Ra6 Rfb8 31. Bxd6 Rxb5 32. Nxb5 Rxb5 33. Rg1 Qh6 34.
Ra2 Nd7 35. Rag2 1-0